000 01159nam0a22002771 4500
001 rc\2773821
005 20250805160813.4
035 _a(NLR Aleph) 006900144
090 _a7238889
_c7238889
100 _a20110915d1941 |||y0rusy50 ca
101 0 _arus
102 _aRU
105 _aa g |||||
200 1 _aСправочник по технике безопасности на электромеханомонтажных работах
_fСоставитель: инж. Н. В. Левшуков
_gШахтостроймонтаж
210 _aМосква
_aЛенинград
_cГостоптехиздат
_d1941
_eМосква
215 _a144 с.
_cил., черт.
_d17 см.
300 _aНа 4-й стр. указан составитель: инж. Н. В. Левшуков
702 1 _aЛевшуков
_bН. В.
_4220
712 0 2 _a"Шахтостроймонтаж", контора
_cМосква
_3RU\NLR\AUTH\8810177844
801 0 _aRU
_bNLR
_gpsbo
801 1 _aRU
_bELAR
_2rusmarc
852 _aNLR
_jТ26 Г-1/3
942 _cBOOK
945 _aРоссийская национальная библиотека
980 _aNB
980 _aBV